Dios vuelve en una harley / (Registro nro. 14570)
[ vista simple ]
| 000 -LIDER | |
|---|---|
| fixed length control field | 00734nam a22002537a 4500 |
| 003 - IDENTIFICACDOR DE NÚMERO DE CONTROL | |
| control field | DO-SdBNP |
| 005 - DATE AND TIME OF LATEST TRANSACTION | |
| control field | 20240216081941.0 |
| 008 - ELEMENTOS DE LONGITUD FIJA | |
| fixed length control field | 151022b 2003sp 00| 0 spa d |
| 020 ## - ISBN | |
| International Standard Book Number | 8495501465 |
| 040 ## - FUENTE DE CATALOGACIÓN | |
| Agencia que crea de manera original el registro | BPMSU |
| Idioma de catalogación | spa |
| Agencia que realiza la transcripción | BPMSU |
| 082 #4 - NÚMERO DE CLASIFICACIÓN DECIMAL DE DEWEY | |
| Classification number | 813.5 |
| Item number | B812D 2003 |
| Edition number | 22 |
| 100 1# - ASIENTO PRINCIPAL -- NOMBRE PERSONAL | |
| Nombre personal | Brady, Joan. |
| 245 10 - MENCIÓN DE TITULO | |
| Título | Dios vuelve en una harley / |
| Mención de responsabilidad | Joan Brady ; traducción Rosa Arruti. |
| 250 ## - MENCIÓN DE EDICION | |
| Mención de edición | 16a ed. |
| 260 ## - PUBLICACIÓN, DISTRIBUCIÓN, ETC. (PIE DE IMPRENTA) | |
| Lugar de publicación, distribución, etc | Madrid : |
| Nombre del editor, distribuidor, etc. | Ediciones B, |
| Fecha de publicación, distribución, etc | 2003 |
| 300 ## - DESCRIPCIÓN FÍSICA | |
| Extensión | 167 p. ; |
| Dimensiones | 23 cm. |
| 490 0# - MENCIÓN DE SERIES | |
| Mención de serie | Punto de lectura |
| Volume/sequential designation | 52/1 |
| 590 ## - NOTA LOCAL | |
| Texto de la nota local | Inventariado, 2024/VM |
| 650 #4 - ENCABEZAMIENTO DE MATERIA--TEMÁTICO | |
| Término temático o nombre geográfico como elemento de entrada | Novela estadounidense |
| 650 #4 - ENCABEZAMIENTO DE MATERIA--TEMÁTICO | |
| Término temático o nombre geográfico como elemento de entrada | Existencia de Dios |
| Subdivisión de forma | Novela |
| 700 1# - ASIENTO SECUNDARIO -- NOMBRE PERSONAL | |
| Nombre personal | Arruti, Rosa, |
| Títulos u otras palabras asociadas con el nombre | tr. |
| 910 ## - VALIDACIÓN | |
| Validación | VMateo V. Control de calidad. BPMSU |
| 942 ## - ADDED ENTRY ELEMENTS (KOHA) | |
| Source of classification or shelving scheme | Dewey Decimal Classification |
| Koha item type | Libros |
| Withdrawn status | Lost status | Source of classification or shelving scheme | Damaged status | Not for loan | Collection code | Home library | Current library | Date acquired | Total Checkouts | Full call number | Barcode | Date last seen | Price effective from | Koha item type |
|---|---|---|---|---|---|---|---|---|---|---|---|---|---|---|
| Dewey Decimal Classification | Colección Dominicana | Biblioteca Pública Metropolitana Salomé Ureña | Biblioteca Pública Metropolitana Salomé Ureña | 02/16/2024 | BPMSU CG 813.5 B812D 2003 | BPMSU24020332 | 02/16/2024 | 02/16/2024 | Libros |